000 00333nam a2200133Ia 4500
008 220216s9999 xx 000 0 und d
100 _aRajammal G
245 0 _aNR latex gloves: A safer bet in food service industry
260 _bRubber Asia
_c2006
300 _a51-52
650 _aGloves
650 _aLatex allergy
942 _cBS
999 _c50832
_d50832